Estudio sobre la estructura genética entre y dentro de dos subpoblaciones de Espeletia schultesiana en paramos bajos del sur de Colombia (Registro nro. 1450)

Detalles MARC
000 -CABECERA
Campo de control 00709nam a2200217 a 4500
005 - FECHA Y HORA DE LA ULTIMA TRANSACCION
Campo de control 20191224041603.0
008 - ELEMENTOS DE LONGITUD FIJA—INFORMACION GENERAL
Campo de control 140227b1998 ck |||||rm||| 00| 0 spa d
040 ## - FUENTE DE CATALOGACIÓN
Agencia catalogadora original CO-BoIAVH
Agencia transcriptora CO-BoIAVH
041 ## - IDIOMA
Código de idioma para texto/pista de sonido o título separado Español
044 ## - PAÍS DE PUBLICACIÓN
País de publicación Colombia
090 ## - CLASIFICACIÓN LOCAL
Colección TE
Consecutivo 0091
100 ## - ASIENTO PRINCIPAL--NOMBRE PERSONAL
Nombre personal Garzón Colonia, Sandra Milena
9 (RLIN) 12345
245 ## - MENCION DE TITULO
Título Estudio sobre la estructura genética entre y dentro de dos subpoblaciones de Espeletia schultesiana en paramos bajos del sur de Colombia
260 ## - PUBLICACION, DISTRIBUCION, ETC. (PIE DE IMPRENTA)
Lugar de publicación, distribución, etc. Cali
Nombre del editor, distribuidor, etc. Universidaddel Valle. Facultad de Ciencias
Fecha de publicación, distribución, etc. 1998
300 ## - DESCRIPCION FISICA
Extensión 15 p.
650 ## - ASIENTO SECUNDARIO DE MATERIA - TERMINO TEMATICO
Término temático o nombre geográfico como elemento de entrada Ecología de poblaciones
9 (RLIN) 3557
650 ## - ASIENTO SECUNDARIO DE MATERIA - TERMINO TEMATICO
Término temático o nombre geográfico como elemento de entrada Páramo
9 (RLIN) 75100
650 ## - ASIENTO SECUNDARIO DE MATERIA - TERMINO TEMATICO
Término temático o nombre geográfico como elemento de entrada Estructura genética
9 (RLIN) 12347
662 ## - ASIENTO SECUNDARIO DE MATERIA - JERARQUIA DEL NOMBRE DE LUGAR(
País o entidad mayor Colombia
942 ## - ELEMENTOS ADICIONALES (KOHA)
Tipo de ítem Tesis
Sistema de clasificación Local
Existencias
Withdrawn status Lost status Sistema de Clasificación Damaged status No para préstamo Colección Inventariado Ubicación Permanente Ubicación actual Fecha de adquisición Fuente de Valor Total Checkouts Número topográfico Inventario / Código de Barras Date last seen Ejemplar Price effective from Forma de adquisición Tipo de material
    Local     Tesis Inventariado 2017 Bogotá Bogotá 01/09/1999 Chaves, María Elfi   TE-0091 002000 04/12/2012 Ej. 1 04/12/2012 Donación Tesis